000 00671nam a22002057a 4500
005 20100811155024.0
010 _aENG-99553
020 _a9788190272612
_c400.00
035 _aEN-83085
037 _bDBAD/PUB
082 _a921
100 _aPandey, Mamta
_911280
245 _aDeendayal Upadhyaya /
_cby Mamta Pandey
260 _aDelhi
_bCalvin Publication
_c2010
270 _aN-67, Gali No.4, Naveen Shahadara
_bDelhi-110032
300 _a168p.
_c22cm (Hb)
490 _aThe Builder of Modern India
_911281
942 _2ddc
_cEN
_h921
_mPAN
999 _c41142
_d41142